000 01973nam a2200265Ia 4500
999 _c36454
_d36454
001 2369
003 GE_BSU
005 20190530194119.0
008 181216s2008||||ge |||||||||||||| ||geo||
020 _a9789994055579
040 _cGE_BSU
041 _ageo
080 _a94(479.22) ქ–27
245 _aქართლის ცხოვრება /
_cსაქ. მეცნ. ეროვნ. აკად., საქ. ისტორ. წყაროების კომისია, საქ. ისტორიკოსთა ეროვნ. კომ-ტი ; მთ. რედ. როინ მეტრეველი ; სარედ. კოლ.: მედეა აბაშიძე [და სხვ.] ; [ტექსტები გამოსაც. მოამზადეს: მიხეილ ქავთარია
264 _aთბილისი :
_bმერიდიანი : არტანუჯი,
_c2008.
300 _a828 გვ. :
_b+ 7 ჩართ. რუკა ;
_c29 სმ.
500 _aეძღვნ. საქ. კათოლიკოს-პატრიარქის ილია II-ის დაბადების 75-ე და აღსაყდრების 30-ე წლისთავს.
504 _aდანართები: გვ. 657-730. - საძიებლები: გვ. 783-828. ბიბლიოგრ.: გვ. 731-781.
653 _aისტორია
653 _aქართლის ცხოვრება
700 _aსილოგავა, ვალერი
_eშემდგენელი
_91878
700 _aმეტრეველი, როინ
_eრედაქტორი
_91879
710 _a საქ. მეცნ. ეროვნ. აკად.;
_bსაქ. ისტორ. წყაროების კომისია; საქ. ისტორიკოსთა ეროვნ. კომ-ტი;
_91880
942 _cBK
_2udc